Understanding the building regulations (Record no. 108773)

MARC details
000 -LEADER
fixed length control field 01339cam a22002655a 4500
001 - CONTROL NUMBER
control field L145373
008 - FIXED-LENGTH DATA ELEMENTS--GENERAL INFORMATION
fixed length control field 081001s2009 xxkade f u 000 0 eng d
020 ## - INTERNATIONAL STANDARD BOOK NUMBER
International Standard Book Number 9780415452724
-- 9780203937969
035 ## - SYSTEM CONTROL NUMBER
System control number (Sirsi) u145373
041 0# - LANGUAGE CODE
Language code of text/sound track or separate title eng
050 04 - LIBRARY OF CONGRESS CALL NUMBER
Classification number 692.2 $2 18
100 1# - MAIN ENTRY--PERSONAL NAME
Personal name Polley, Simon
245 00 - TITLE STATEMENT
Title Understanding the building regulations
Medium [electronic resource]
250 ## - EDITION STATEMENT
Edition statement 4th ed.
260 ## - PUBLICATION, DISTRIBUTION, ETC.
Place of publication, distribution, etc. Abingdon
Name of publisher, distributor, etc. Taylor and Francis
Date of publication, distribution, etc. 2009
300 ## - PHYSICAL DESCRIPTION
Extent eBook
520 ## - SUMMARY, ETC.
Summary, etc. Introduction to the current system of building control in England and Wales. This is based on the Building Regulations 2000 and all the supporting Approved Documents. Includes the Building Regulations (Amendment) Regulations 2004-2006, the Approved Documents 2006, and changes to the Building Regulations that came into force at the beginning of 2008. Also highlights potential changes wherever possible. Contains a short history of building control and its development. Then chapters deal with the Building Regulations and each of the Approved Documents. Support text to the original documents and practical guide.
520 ## - SUMMARY, ETC.
Summary, etc. Supersedes third edition (ISBN 0415349176).
521 ## - TARGET AUDIENCE NOTE
Target audience note Advanced
650 24 - SUBJECT ADDED ENTRY--TOPICAL TERM
Topical term or geographic name entry element BUILDING REGULATIONS 2000
651 #4 - SUBJECT ADDED ENTRY--GEOGRAPHIC NAME
Geographic name England and Wales
Chronological subdivision 1543-
690 ## - LOCAL SUBJECT ADDED ENTRY--TOPICAL TERM (OCLC, RLIN)
Topical term or geographic name as entry element Building regulations
9 (RLIN) 6224
942 ## - ADDED ENTRY ELEMENTS (KOHA)
Suppress in OPAC 0
Holdings
Withdrawn status Lost status Source of classification or shelving scheme Damaged status Not for loan Home library Current library Shelving location Date acquired Cost, normal purchase price Total Checkouts Full call number Barcode Date last seen Date last checked out Copy number Cost, replacement price Price effective from Koha item type
    Dewey Decimal Classification     London London Books 15/10/2008 18.99 13 692.2 POL 30076353 06/08/2019 26/01/2010 2 18.99 06/08/2019 Book
  Missing from bundle       Virtual Virtual Online 10/02/2010 39.99   EBOOK 145373-3001 06/08/2019   1 39.99 06/08/2019 Book